<?xml version="1.0" encoding="UTF-8"?><?xml-stylesheet type="text/xsl" href="static/style.xsl"?><OAI-PMH xmlns="http://www.openarchives.org/OAI/2.0/" xmlns:xsi="http://www.w3.org/2001/XMLSchema-instance" xsi:schemaLocation="http://www.openarchives.org/OAI/2.0/ http://www.openarchives.org/OAI/2.0/OAI-PMH.xsd"><responseDate>2026-04-14T03:49:12Z</responseDate><request verb="GetRecord" identifier="oai:www.recercat.cat:2072/456386" metadataPrefix="marc">https://recercat.cat/oai/request</request><GetRecord><record><header><identifier>oai:recercat.cat:2072/456386</identifier><datestamp>2026-03-26T04:03:36Z</datestamp><setSpec>com_2072_98</setSpec><setSpec>col_2072_378192</setSpec></header><metadata><record xmlns="http://www.loc.gov/MARC21/slim" xmlns:dcterms="http://purl.org/dc/terms/" xmlns:xsi="http://www.w3.org/2001/XMLSchema-instance" xmlns:doc="http://www.lyncode.com/xoai" xsi:schemaLocation="http://www.loc.gov/MARC21/slim http://www.loc.gov/standards/marcxml/schema/MARC21slim.xsd">
   <leader>00925njm 22002777a 4500</leader>
   <datafield ind2=" " ind1=" " tag="042">
      <subfield code="a">dc</subfield>
   </datafield>
   <datafield ind2=" " ind1=" " tag="720">
      <subfield code="a">Albarracín Gordo, Lluís</subfield>
      <subfield code="e">author</subfield>
   </datafield>
   <datafield ind2=" " ind1=" " tag="260">
      <subfield code="c">2021</subfield>
   </datafield>
   <datafield ind2=" " ind1=" " tag="520">
      <subfield code="a">Este artículo describe una de secuencia de actividades para trabajar la visualización con alumnos de cuarto de Educación Primaria a partir del contexto promovido por un videojuego tipo puzle tridimensional. La secuencia se inicia jugando libremente para identificar los retos que propone el juego. A continuación, se proponen actividades para identificar aspectos claves del videojuego y generar conocimientos geométricos sobre visualización con el cual poder diseñar niveles del videojuego. En el artículo se presenta cada actividad que conforma la secuencia, su fundamentación y la validación de los aprendizajes promovidos después de su aplicación. Estos resultados ponen de manifiesto las posibilidades del videojuego utilizado y las actividades que lo acompañan para relacionar diferentes formas de visualización de objetos tridimensionales.</subfield>
   </datafield>
   <datafield ind2=" " ind1=" " tag="520">
      <subfield code="a">This article describes a sequence of activities to work on visualization with Primary Education fourth-grade students from the context promoted by a three-dimensional puzzle video game. The sequence is initiated by playing freely to identify the challenges proposed by the game. Then, activities are proposed to identify key aspects of the video game and to generate geometric knowledge about visualization with which to design levels of the video game. The article presents each activity that makes up the sequence, its rationale and the validation of the learning promoted after its application. The results show the possibilities of the video game used and the activities that accompany it to relate different forms of visualization of three-dimensional objects.</subfield>
   </datafield>
   <datafield tag="653" ind2=" " ind1=" ">
      <subfield code="a">Visualización</subfield>
   </datafield>
   <datafield tag="653" ind2=" " ind1=" ">
      <subfield code="a">Videojuegos</subfield>
   </datafield>
   <datafield tag="653" ind2=" " ind1=" ">
      <subfield code="a">Educación primaria</subfield>
   </datafield>
   <datafield tag="653" ind2=" " ind1=" ">
      <subfield code="a">Resolución de problemas</subfield>
   </datafield>
   <datafield tag="653" ind2=" " ind1=" ">
      <subfield code="a">Visualization</subfield>
   </datafield>
   <datafield tag="653" ind2=" " ind1=" ">
      <subfield code="a">Video games</subfield>
   </datafield>
   <datafield tag="653" ind2=" " ind1=" ">
      <subfield code="a">Primary education</subfield>
   </datafield>
   <datafield tag="653" ind2=" " ind1=" ">
      <subfield code="a">Problem solving</subfield>
   </datafield>
   <datafield ind2="0" ind1="0" tag="245">
      <subfield code="a">Una secuencia de actividades para desarrollar la visualización usando un videojuego</subfield>
   </datafield>
</record></metadata></record></GetRecord></OAI-PMH>